000 00356nam a2200133Ia 4500
005 20260326235455.0
008 260326s9999||||xx |||||||||||||| ||und||
100 _aGoslinga, Cornelis Ch.
245 0 _aTemplos doctrineros NeoGranadinos /
_cCornelis Ch. Goslinga
260 _bDel Valle
300 _a51 p.
650 _aARQUITECTURA RELIGIOSA
942 _cBK
999 _c7917
_d7917